Statistics for Name that European Country

Click here to take the quiz!

General Stats

  • This quiz has been taken 76 times
  • The average score is 9 of 10

Answer Stats

HintAnswer% Correct
To have the island of SardiniaItaly
98%
To border France and SpainAndorra
97%
To have the capital city of ViennaAustria
97%
To be the most visited country in the worldFrance
97%
To be the smallest country in the worldVatican City
97%
To border AfricaSpain
95%
To have the island of SvalbardNorway
94%
To have the city of GenevaSwitzerland
94%
To have the biggest population density in the worldMonaco
88%
To border the Caspian SeaRussia
80%

Score Distribution

Percentile by Number Answered

Percent of People with Each Score

Your Score History

You have not taken this quiz